Vytváranie znalostnej kultúry v podniku

Aspekty vytvárania znalostnej kultúry v podniku, ktorá je nevyhnutným predpokladom zavádzania a efektívneho využívania koncepcie manažmentu znalostí. Zamestnanci ako nositelia znalostí a znalostná kultúra. Znalostní pracovníci. Sengeho učiaca sa organizácia. Pohľad do praxe znalostnej kultúry v slo...

Full description

Saved in:
Bibliographic Details
Main Author: Mesároš, Peter
Format: Book Chapter
Language:Slovak
Subjects:
Tags: Add Tag
No Tags, Be the first to tag this record!

MARC

LEADER 00000naa$a2200000$$$4500
001 0070350
005 20240502071838.6
041 0 |a slo 
044 |a SK 
245 1 0 |a Vytváranie znalostnej kultúry v podniku  |c Peter Mesároš 
520 |a Aspekty vytvárania znalostnej kultúry v podniku, ktorá je nevyhnutným predpokladom zavádzania a efektívneho využívania koncepcie manažmentu znalostí. Zamestnanci ako nositelia znalostí a znalostná kultúra. Znalostní pracovníci. Sengeho učiaca sa organizácia. Pohľad do praxe znalostnej kultúry v slovenských podnikoch. Spôsoby výmeny znalostí v podniku. Možnosti vzdelávania sa a prístup k novým znalostiam. 
610 2 0 |a kultúra podniková 
610 2 0 |a vedomosti 
610 2 0 |a riadenie znalostí 
610 2 0 |a podnik 
610 2 0 |a Slovensko 
610 2 0 |a vzdelávanie 
100 1 |a Mesároš, Peter